[Event "9th Amplico Life Rapid"]
[Site "Warsaw POL"]
[Date "2009.12.20"]
[Round "9"]
[White "Jaroch,K"]
[Black "Malisauskas,V"]
[Result "0-1"]
[WhiteElo "2242"]
[BlackElo "2483"]
[EventDate "2009.12.19"]

1. e4 c5 2. c4 Nc6 3. Nc3 g6 4. f4 Bg7 5. Nf3 d6 6. d3 Nh6 7. Be2 O-O 8.
O-O f5 9. Rb1 a6 10. Ng5 Nf7 11. Nxf7 Rxf7 12. g4 Nd4 13. gxf5 gxf5 14. Bh5
Rf8 15. Kh1 Kh8 16. Be3 b5 17. Bxd4 cxd4 18. Ne2 bxc4 19. dxc4 Bb7 20. Nxd4
Bxe4+ 21. Bf3 Bxb1 22. Ne6 Qb6 23. Qxb1 Qxb2 24. Qxb2 Bxb2 25. Rb1 Bf6 26.
Nxf8 Rxf8 27. Rb6 a5 28. Ra6 Bc3 29. Bd5 Kg7 30. Kg2 Rb8 31. Ra8 Rb2+ 32.
Kh3 Rf2 33. Rg8+ Kh6 34. Re8 Bf6 35. a4 Rxf4 36. Ra8 Be5 37. Kg2 Rg4+ 38.
Kf3 Rh4 39. Be6 Rh3+ 40. Ke2 Rxh2+ 41. Kf3 Rh3+ 42. Kf2 Kg5 43. Rf8 Bf6 44.
Ra8 Bd4+ 45. Kg2 Re3 46. Bd5 e6 47. Bc6 Bc3 48. Kf2 Re5 49. Kf3 Bb4 50.
Rg8+ Kf6 51. Rh8 Kg7 52. Re8 Bc5 53. Bd7 Re3+ 54. Kg2 Kf6 55. Rh8 f4 56.
Bc6 Rg3+ 57. Kh2 Rg7 58. Be4 Ke5 59. Rxh7 Rxh7+ 60. Bxh7 Kd4 61. Bg8 e5 62.
Kg2 e4 63. Kf2 Kd3+ 64. Kf1 e3 0-1

[Event "9th Amplico Life Rapid"]
[Site "Warsaw POL"]
[Date "2009.12.20"]
[Round "9"]
[White "Bugajski,R"]
[Black "Leniart,A"]
[Result "1/2-1/2"]
[WhiteElo "2209"]
[BlackElo "2439"]
[EventDate "2009.12.19"]

1. d4 Nf6 2. Nf3 g6 3. g3 Bg7 4. Bg2 O-O 5. O-O d5 6. c4 c6 7. cxd5 cxd5 8.
Nc3 Nc6 9. Ne5 Bf5 10. Bf4 h6 11. Nxc6 bxc6 12. Rc1 Nd7 13. Na4 Rc8 14. b3
Re8 15. Qd2 Kh7 16. h3 e5 17. dxe5 Nxe5 18. Rfd1 Nd7 19. Be3 Nb6 20. Nc5
Qe7 21. g4 Be6 22. Bd4 Bxd4 23. Qxd4 Nd7 24. Nxe6 fxe6 25. Qxa7 c5 26. Qa3
Qf6 27. Rc2 Rf8 28. Rf1 d4 29. Qa7 Rf7 30. Qb7 Qd8 31. f4 Kg7 32. Qe4 Qe7
33. Kh1 Rcf8 34. Rcc1 Qd6 35. e3 e5 36. fxe5 Rxf1+ 37. Rxf1 Nxe5 38. Qb7+
Nd7 39. exd4 Qxd4 40. Re1 Rf7 41. Qd5 Qc3 42. Rd1 Ne5 43. Qd2 Qg3 44. Qe1
Rf2 45. Qe4 Rf7 46. Qe1 Qf4 47. Qd2 Qg3 48. Qe1 Qf4 49. Qc3 h5 50. gxh5 g5
51. Re1 Re7 52. Qxc5 Qf6 53. Rf1 Qe6 54. Qe3 Kh6 55. h4 Qg4 56. Qxg5+ Qxg5
57. hxg5+ Kxh5 58. Re1 Kxg5 59. Kg1 Kf4 60. Re2 Rc7 61. Bd5 Ng4 62. Bc4 Ne3
63. Kf2 Nxc4 64. Rc2 Ke4 65. bxc4 Kd3 66. Rb2 Rxc4 67. Rb3+ Kc2 68. Ra3 Kb1
69. Ke3 Kb2 70. Ra8 Rc3+ 71. Kd4 Ra3 1/2-1/2

[Event "9th Amplico Life Rapid"]
[Site "Warsaw POL"]
[Date "2009.12.20"]
[Round "9"]
[White "Peterson,Er"]
[Black "Rajlich,I"]
[Result "0-1"]
[WhiteElo "2242"]
[BlackElo "2457"]
[EventDate "2009.12.19"]

1. e4 c5 2. d4 cxd4 3. c3 d3 4. Bxd3 Nc6 5. Nf3 d6 6. O-O g6 7. Qb3 Nf6 8.
Ng5 e6 9. Bf4 Be7 10. Rd1 O-O 11. Nf3 Qc7 12. Na3 a6 13. Nc4 b5 14. Ne3 Ne5
15. Nxe5 dxe5 16. Bh6 Rd8 17. f3 Nd7 18. Be2 Qb6 19. Kh1 Bf8 20. Ng4 Bxh6
21. Nxh6+ Kg7 22. Ng4 h5 23. Rxd7 Bxd7 24. Nxe5 Be8 25. Qc2 Qe3 26. Rd1 f6
27. Nd3 Rd7 28. Re1 Rad8 29. Bf1 Qb6 30. h3 e5 31. f4 exf4 32. Nxf4 Bf7 33.
e5 fxe5 34. Nd3 Qf6 35. Nxe5 Re7 36. Nf3 Rxe1 37. Nxe1 Qxf1+ 0-1

[Event "9th Amplico Life Rapid"]
[Site "Warsaw POL"]
[Date "2009.12.20"]
[Round "9"]
[White "Yemelin,V"]
[Black "Nedilko,V"]
[Result "1-0"]
[WhiteElo "2584"]
[BlackElo "2400"]
[EventDate "2009.12.19"]

1. e4 c5 2. Nf3 d6 3. d4 cxd4 4. Nxd4 Nf6 5. Nc3 a6 6. Be3 e5 7. Nb3 Be7 8.
Qd2 O-O 9. O-O-O Be6 10. f4 b5 11. f5 Bc8 12. g4 Bb7 13. g5 Nxe4 14. Nxe4
Bxe4 15. Bg2 Bxg2 16. Qxg2 Nd7 17. f6 Nxf6 18. gxf6 Bxf6 19. Nc5 Kh8 20.
Nb7 Qc8 21. Nxd6 Qe6 22. Qd5 Qxd5 23. Rxd5 Kg8 24. Rhd1 g6 25. Ne4 Bg7 26.
Rd7 h6 27. R1d6 f5 28. Rxg6 Rf7 29. Nf6+ 1-0

[Event "9th Amplico Life Rapid"]
[Site "Warsaw POL"]
[Date "2009.12.20"]
[Round "9"]
[White "Nguyen,P"]
[Black "Gajewski,G"]
[Result "1-0"]
[WhiteElo "2353"]
[BlackElo "2561"]
[EventDate "2009.12.19"]

1. c4 e6 2. g3 Nf6 3. Bg2 d5 4. Nf3 d4 5. O-O c5 6. b4 cxb4 7. a3 b3 8. d3
Nc6 9. Nbd2 a5 10. Qxb3 Be7 11. e3 dxe3 12. fxe3 O-O 13. d4 a4 14. Qc2 Ng4
15. Ne4 Na5 16. Qxa4 b6 17. Nf2 Nxf2 18. Rxf2 Ba6 19. Ne5 Rc8 20. Bd2 f6
21. Nc6 Qd7 22. Bxa5 bxa5 23. Nxe7+ Qxe7 24. c5 Qc7 25. Rc1 Rb8 26. e4 Bb5
27. Qc2 Rfe8 28. d5 exd5 29. exd5 Re5 30. d6 Qd7 31. Qb3+ Qf7 32. Qxf7+
Kxf7 33. c6 Rbe8 34. c7 Re1+ 35. Rxe1 Rxe1+ 36. Rf1 1-0

[Event "9th Amplico Life Rapid"]
[Site "Warsaw POL"]
[Date "2009.12.20"]
[Round "9"]
[White "Vysochin,S"]
[Black "Brzeski,M"]
[Result "1-0"]
[WhiteElo "2555"]
[BlackElo "2336"]
[EventDate "2009.12.19"]

1. e4 c5 2. c3 d5 3. exd5 Qxd5 4. d4 Nc6 5. Nf3 Bg4 6. Be2 e6 7. h3 Bh5 8.
c4 Qd7 9. g4 Bg6 10. d5 exd5 11. cxd5 Nb4 12. Ne5 Qxd5 13. Bb5+ Kd8 14. O-O
Kc7 15. Nc3 Qxd1 16. Rxd1 Bd6 17. Bf4 a6 18. Rxd6 axb5 19. Rad1 Nh6 20.
Nxb5+ Kc8 21. Nc4 Ra6 22. Nb6+ Rxb6 23. Rd8+ 1-0

[Event "9th Amplico Life Rapid"]
[Site "Warsaw POL"]
[Date "2009.12.20"]
[Round "9"]
[White "Muzychuk,A"]
[Black "Przybylski,W"]
[Result "1-0"]
[WhiteElo "2532"]
[BlackElo "2326"]
[EventDate "2009.12.19"]

1. e4 e5 2. Nf3 Nc6 3. Bb5 Nf6 4. Bxc6 dxc6 5. d3 Nd7 6. O-O Bd6 7. Nbd2
O-O 8. Nc4 Qe7 9. a4 a5 10. b3 Nb6 11. Ne3 g6 12. Bb2 f6 13. Re1 Be6 14. d4
exd4 15. Nxd4 Bd7 16. f3 Rae8 17. Ne2 Be6 18. Ng3 Bb4 19. Re2 Rd8 20. Qf1
Bc5 21. Kh1 h5 22. Qe1 Bd6 23. Nef5 Qh7 24. Nxd6 cxd6 25. Qxa5 h4 26. Nf1
Nd7 27. Qc7 Ne5 28. Qxh7+ Kxh7 29. h3 Kg7 30. Ne3 Kf7 31. f4 Nd7 32. f5
gxf5 33. exf5 Bd5 34. Nxd5 cxd5 35. Rd1 Rfe8 36. Rxe8 Rxe8 37. Rxd5 Re1+
38. Kh2 Ke7 39. Ba3 Re2 40. Rxd6 Kd8 41. Re6 Rxc2 42. Be7+ Kc7 43. Bxf6 Rf2
44. Bxh4 Rxf5 45. Bg3+ Kd8 46. h4 Nf6 47. Rb6 Kc8 48. Rb5 Rf1 49. Be5 Ng4+
50. Kg3 Ne3 51. Bf4 Nd1 52. h5 Nf2 53. h6 Ne4+ 54. Kg4 Nf6+ 55. Kf5 Nd7 56.
g4 b6 57. g5 1-0

[Event "9th Amplico Life Rapid"]
[Site "Warsaw POL"]
[Date "2009.12.20"]
[Round "9"]
[White "Strzemiecki,Z"]
[Black "Czarnota,P"]
[Result "0-1"]
[WhiteElo "2333"]
[BlackElo "2528"]
[EventDate "2009.12.19"]

1. e4 c5 2. Nf3 d6 3. d4 cxd4 4. Nxd4 Nf6 5. Nc3 Nc6 6. g3 g6 7. Bg2 Nxd4
8. Qxd4 Bg7 9. O-O O-O 10. Qd1 Qb6 11. Rb1 Be6 12. Be3 Qa6 13. a3 Rac8 14.
Re1 Rc7 15. Bf1 Bc4 16. Bxc4 Rxc4 17. Bg5 Re8 18. Bxf6 Bxf6 19. Nd5 Bg7 20.
Qd3 b5 21. c3 e6 22. Ne3 Rc6 23. Rbd1 Qb6 24. Nc2 a5 25. Nd4 Rc4 26. Nc2
Rd8 27. Qf3 h5 28. h4 Be5 29. Kg2 Qb7 30. Rd3 Rdc8 31. Re2 R8c7 32. Re1 Kg7
33. Re2 f5 34. exf5 Qxf3+ 35. Kxf3 gxf5 36. Nd4 Bxd4 37. Rxd4 Rxd4 38. cxd4
Kf6 39. Ke3 Rc1 40. Rd2 Re1+ 41. Kf3 Ke7 42. Kf4 Re4+ 43. Kg5 Rg4+ 44. Kxh5
Kf6 45. Kh6 f4 46. Rd3 Kf5 47. Rf3 e5 48. dxe5 dxe5 49. h5 Rg5 50. gxf4
exf4 51. Rh3 Rg2 52. f3 a4 53. Kh7 Rxb2 54. Kg8 Rc2 55. Rh4 b4 56. axb4 a3
57. Kf7 Rc7+ 58. Ke8 Kg5 59. Rh1 Kh6 60. Ra1 Rc3 61. Kd7 Rb3 62. Kd6 Rxb4
63. Rxa3 Kxh5 64. Ke5 Kh4 65. Rd3 Kg3 66. Rc3 Rb5+ 67. Ke4 Rb4+ 68. Ke5 Rb1
69. Rc4 Re1+ 70. Re4 Re3 71. Kf5 Rxf3 72. Ra4 Rf1 73. Kg5 f3 74. Ra3 Rb1
75. Kf5 Kg2 0-1

[Event "9th Amplico Life Rapid"]
[Site "Warsaw POL"]
[Date "2009.12.20"]
[Round "9"]
[White "Vatter,H"]
[Black "Maiorov,N1"]
[Result "0-1"]
[WhiteElo "2321"]
[BlackElo "2511"]
[EventDate "2009.12.19"]

1. e4 e5 2. Nf3 Nc6 3. Bc4 Bc5 4. c3 Nf6 5. d3 a6 6. Bb3 d6 7. Nbd2 Ba7 8.
h3 h6 9. O-O O-O 10. Re1 Re8 11. Nf1 Be6 12. Be3 Bb6 13. Ng3 Qd7 14. Nh4
Bxe3 15. Rxe3 d5 16. Qf3 d4 17. Re2 Bxb3 18. axb3 Qe6 19. b4 g6 20. Nf1
Rad8 21. Rd1 Rd6 22. Red2 Red8 23. Nh2 Kg7 24. Ng4 dxc3 25. bxc3 Qb3 26.
Rc1 Nxg4 27. hxg4 R8d7 28. Qe3 Nd8 29. Nf3 f6 30. g3 Ne6 31. Kg2 Rd8 32.
Rh1 Rh8 33. Rc1 Rc6 34. Rdc2 Ng5 35. Nxg5 hxg5 36. d4 Qg8 37. dxe5 Qh7 38.
Rd2 Qh3+ 39. Kf3 Rh4 40. Ke2 Qxg4+ 41. Qf3 Qxe4+ 42. Qxe4 Rxe4+ 43. Kf1
fxe5 44. Re2 Rxb4 45. Rxe5 Rb5 46. Re3 Rbc5 47. Ke2 Kf6 48. Kd2 Re5 49.
Rxe5 Kxe5 50. Re1+ Kf6 51. Re8 Rd6+ 52. Kc2 Re6 53. Rc8 Re7 54. Kd3 g4 55.
Rb8 b6 56. c4 Ke6 57. Rg8 Kf5 58. Rf8+ Kg5 59. Rb8 Rd7+ 60. Ke3 a5 61. Ra8
Rd6 62. Rc8 Rc6 63. Kd4 Rc5 64. Ra8 Kf6 65. Rf8+ Ke6 66. Rf4 Rg5 67. Kc3
Kd6 68. Kd4 Kc6 69. Rf6+ Kb7 70. Rf4 a4 71. Kc3 c6 72. Kb4 b5 73. c5 Kc7
74. Rf7+ Kd8 75. Rf6 Kd7 76. Rd6+ Kc7 77. Rf6 Rd5 78. Rxg6 Rd4+ 79. Ka5 a3
80. Rg7+ Kd8 81. Kb6 a2 0-1

[Event "9th Amplico Life Rapid"]
[Site "Warsaw POL"]
[Date "2009.12.20"]
[Round "9"]
[White "Sadzikowski,D"]
[Black "Jakubowski,K"]
[Result "0-1"]
[WhiteElo "2287"]
[BlackElo "2502"]
[EventDate "2009.12.19"]

1. e4 c5 2. Nf3 d6 3. d4 cxd4 4. Nxd4 Nf6 5. Nc3 a6 6. Be3 e5 7. Nb3 Be7 8.
Qd2 O-O 9. O-O-O a5 10. Bb5 a4 11. Bxa4 Nxe4 12. Nxe4 Rxa4 13. Nxd6 Rxa2
14. Kb1 Ra6 15. Bc5 Nc6 16. Nxc8 Qxc8 17. Qd7 Bxc5 18. Nxc5 Ra7 19. Qxc8
Rxc8 20. c3 b6 21. Ne4 g6 22. Rhe1 Re7 23. Nf6+ Kg7 24. Rd6 b5 25. b4 Ra7
26. Nd5 Rca8 27. Re2 Ra1+ 28. Kc2 R8a6 29. Rd7 e4 30. Rxe4 R6a2+ 31. Kd3
Rxf2 32. Re2 Rd1+ 33. Ke3 Rf5 34. Nb6 Rdf1 35. c4 bxc4 36. Nxc4 Nxb4 37.
Rb2 Nd5+ 38. Kd4 Nf6 39. Ra7 Rd5+ 40. Kc3 Ne4+ 41. Kb4 Rd4 42. Rc7 Rc1 43.
Kb3 Nd2+ 44. Rxd2 Rxd2 45. Nxd2 Rxc7 46. Nc4 Kf6 47. Kc3 Kf5 48. Kd3 Rxc4
49. Kxc4 Ke4 0-1

[Event "9th Amplico Life Rapid"]
[Site "Warsaw POL"]
[Date "2009.12.20"]
[Round "9"]
[White "Tomczak,J"]
[Black "Paterek,M"]
[Result "1-0"]
[WhiteElo "2500"]
[BlackElo "2272"]
[EventDate "2009.12.19"]

1. e4 c6 2. Nc3 d5 3. Nf3 Bg4 4. h3 Bxf3 5. Qxf3 e6 6. d3 Nd7 7. Bd2 g6 8.
g4 Bg7 9. Bg2 Ne7 10. Qg3 Qb6 11. O-O-O Rc8 12. f4 d4 13. Ne2 c5 14. e5 Qa6
15. Kb1 b5 16. Rhf1 O-O 17. h4 Rb8 18. h5 Rfc8 19. Qh4 Nc6 20. f5 exf5 21.
gxf5 Ncxe5 22. hxg6 hxg6 23. fxg6 Nxg6 24. Qh3 Qe6 25. Nf4 Nxf4 26. Bxf4
Qxh3 27. Bxh3 Rb7 28. Rg1 Kf8 29. Bd6+ Kg8 30. Bf4 Kf8 31. Bd6+ Kg8 32. Rg5
Rc6 33. Bg2 Rxd6 34. Bxb7 f6 35. Rd5 Rxd5 36. Bxd5+ Kh7 37. Be4+ Kg8 38.
Bc6 Ne5 39. Bxb5 Bh6 40. Rf1 Kf7 41. c3 Be3 42. Ba6 Kg6 43. Bc8 Kg5 44. Bf5
Bf4 45. Bh7 Kg4 46. Kc2 Nf3 47. Be4 Ne5 48. b4 cxb4 49. cxd4 Nf7 50. Kb3
Nd6 51. Kxb4 f5 52. Bf3+ Kg3 53. Kc5 Nf7 54. Be2 Ng5 55. Kd5 Nh3 56. Ke6
Nf2 57. Kxf5 1-0

[Event "9th Amplico Life Rapid"]
[Site "Warsaw POL"]
[Date "2009.12.20"]
[Round "9"]
[White "Janaszak,Daw"]
[Black "Urban,K"]
[Result "1/2-1/2"]
[WhiteElo "2310"]
[BlackElo "2478"]
[EventDate "2009.12.19"]

1. c4 e5 2. Nc3 Nf6 3. g3 Be7 4. Bg2 O-O 5. Nf3 d6 6. O-O c6 7. d3 Re8 8.
Rb1 Nbd7 9. b4 d5 10. cxd5 cxd5 11. e4 d4 12. Ne2 a5 13. b5 Bf8 14. Ne1 Nc5
15. f4 Ng4 16. fxe5 Nxe5 17. Bb2 Ne6 18. Nc2 Nc5 19. Ne1 Ne6 20. Nc2 Nc5
1/2-1/2

[Event "9th Amplico Life Rapid"]
[Site "Warsaw POL"]
[Date "2009.12.20"]
[Round "9"]
[White "Chojnacki,S"]
[Black "Neiksans,A"]
[Result "1/2-1/2"]
[WhiteElo "2273"]
[BlackElo "2487"]
[EventDate "2009.12.19"]

1. d4 f5 2. g4 fxg4 3. h3 g3 4. fxg3 Nf6 5. e4 d6 6. Nc3 e5 7. dxe5 dxe5 8.
Qxd8+ Kxd8 9. Bg5 c6 10. Nf3 Nbd7 11. O-O-O Kc7 12. a3 b5 13. Bd3 a5 14. a4
b4 15. Nb1 Bd6 16. Nbd2 Nb6 17. b3 Be6 18. Be3 c5 19. g4 Rhe8 20. Nh4 Nfd7
21. Bb5 g6 22. Nhf3 Rf8 23. Ng5 Bg8 24. Rhf1 Rxf1 25. Rxf1 Rf8 26. Ngf3 Rc8
27. Ng5 Rf8 28. Ngf3 Be6 29. Rd1 Be7 30. Ng5 Bxg5 31. Bxg5 Rf7 32. Be3 h5
33. gxh5 gxh5 34. h4 Bg4 35. Rf1 Rxf1+ 36. Nxf1 Kd6 37. Nd2 Nf8 38. Nc4+
Nxc4 39. Bxc4 Nd7 40. Bf7 Nb8 41. Bg5 Bf3 42. Bd8 Nc6 43. Bb6 Nd4 44. Bd5
Bg2 45. Bxa5 Ne2+ 46. Kd2 Nc3 47. Ke3 Nxd5+ 48. exd5 Kxd5 49. Bc7 c4 50.
bxc4+ Kxc4 51. Bxe5 b3 52. cxb3+ Kxb3 53. a5 1/2-1/2

[Event "9th Amplico Life Rapid"]
[Site "Warsaw POL"]
[Date "2009.12.20"]
[Round "9"]
[White "Gritsak,O"]
[Black "Kurnosov,I"]
[Result "1-0"]
[WhiteElo "2521"]
[BlackElo "2666"]
[EventDate "2009.12.19"]

1. Nf3 g6 2. d4 Nf6 3. Nbd2 Bg7 4. e4 d6 5. Be2 O-O 6. O-O Nc6 7. c3 e5 8.
dxe5 Nxe5 9. Nxe5 dxe5 10. Qc2 Be6 11. a4 a5 12. b3 Nd7 13. Rd1 Bh6 14. Bc4
Qf6 15. Bxe6 Qxe6 16. Ba3 Rfd8 17. Nc4 Nf6 18. Rxd8+ Rxd8 19. Rd1 Ra8 20.
f3 b6 21. Rd3 b5 22. axb5 a4 23. b6 axb3 24. b7 Rb8 25. Qxb3 Ne8 26. Qb5 c6
27. Qa6 Bf8 28. Bxf8 Kxf8 29. Nb6 Nd6 30. Qa3 Ra8 1-0

[Event "9th Amplico Life Rapid"]
[Site "Warsaw POL"]
[Date "2009.12.20"]
[Round "9"]
[White "Heberla,B"]
[Black "Fridman,D2"]
[Result "0-1"]
[WhiteElo "2515"]
[BlackElo "2649"]
[EventDate "2009.12.19"]

1. c4 Nf6 2. Nc3 e6 3. e4 c5 4. e5 Ng8 5. Nf3 Nc6 6. d4 cxd4 7. Nxd4 Nxe5
8. Ndb5 a6 9. Nd6+ Bxd6 10. Qxd6 f6 11. Be3 Ne7 12. Bb6 Nf5 13. Qc5 d6 14.
Qa5 Qe7 15. f4 Nc6 16. Qa3 d5 17. Bc5 Qc7 18. cxd5 b6 19. Bf2 Nce7 0-1

[Event "9th Amplico Life Rapid"]
[Site "Warsaw POL"]
[Date "2009.12.20"]
[Round "9"]
[White "Szczepkowska Horowska,K"]
[Black "Miton,K"]
[Result "0-1"]
[WhiteElo "2324"]
[BlackElo "2586"]
[EventDate "2009.12.19"]

1. e4 c5 2. Nf3 e6 3. d4 cxd4 4. Nxd4 a6 5. Bd3 Bc5 6. Nb3 Be7 7. Qg4 g6 8.
Qe2 d6 9. Nc3 Nd7 10. O-O Qc7 11. a4 b6 12. Be3 Bb7 13. Rfd1 h5 14. Nd4 h4
15. h3 Ngf6 16. Bg5 Nh5 17. Bxe7 Kxe7 18. Qe3 Qc5 19. Be2 Nhf6 20. Bf3 Ne5
21. Be2 Rac8 22. Rd2 Qb4 23. Nb3 Rxc3 24. bxc3 Qxe4 25. Qxe4 Nxe4 26. Rd4
Nxc3 27. Bf1 g5 28. Nd2 Rc8 29. Nc4 Nxc4 30. Rxc4 Rxc4 31. Bxc4 d5 32. Bd3
Kd6 33. a5 b5 34. Re1 d4 35. Bh7 f5 36. f3 b4 37. Kf2 Bd5 38. g3 hxg3+ 39.
Kxg3 d3 0-1

[Event "9th Amplico Life Rapid"]
[Site "Warsaw POL"]
[Date "2009.12.20"]
[Round "9"]
[White "Sakalauskas,V"]
[Black "Macieja,B"]
[Result "1/2-1/2"]
[WhiteElo "2418"]
[BlackElo "2627"]
[EventDate "2009.12.19"]

1. d4 Nf6 2. c4 e6 3. Nc3 Bb4 4. Qc2 O-O 5. Bg5 c5 6. dxc5 Na6 7. e3 Nxc5
8. Nge2 Nce4 9. Bxf6 Nxf6 10. a3 Be7 11. Nf4 b6 12. Bd3 Bb7 13. O-O Rc8 14.
Rfd1 Qc7 15. Rac1 Rfd8 16. Ne4 Bxe4 17. Bxe4 Nxe4 18. Qxe4 d5 19. Qf3 dxc4
20. Ne2 Rxd1+ 21. Rxd1 Rd8 22. Nc3 Rxd1+ 23. Qxd1 Qc6 24. g3 b5 25. Qd4 a6
26. Qa7 Bd6 27. Na2 h5 28. h4 Bc5 29. Qb8+ Kh7 30. Qe5 Qd5 31. Qc7 Kg6 32.
Nc3 Qd6 33. Qb7 f5 34. Qc8 Kf6 35. Ne2 e5 36. Nc3 e4 37. Qg8 Qd7 38. Nd5+
Ke5 39. Nf4 a5 40. Nxh5 Qd1+ 41. Kh2 Qxh5 42. Qxg7+ Ke6 43. Qc7 Bd6 44.
Qc8+ Ke5 45. Qc6 Ke6 46. Qxb5 Qe2 47. Qe8+ Kd5 48. Qb5+ Ke6 49. Qe8+ Kf6
50. Kg2 Qf3+ 51. Kg1 Qd1+ 52. Kg2 Qf3+ 53. Kg1 Qd1+ 54. Kg2 Qd5 55. Qd8+
Kg7 56. Qd7+ Kh6 57. Qd8 Qe5 58. Qg5+ Kh7 59. Qh5+ Kg7 60. Qg5+ Kf7 61.
Qh5+ Kg7 62. Qg5+ Kf7 63. Qh5+ Ke6 64. Qe8+ Kf6 65. Qh8+ Ke7 66. Qh7+ Kf8
67. Qh6+ Ke7 68. Qh7+ Kf6 69. Qh6+ Kf7 70. Qh7+ Ke8 71. Qg8+ Kd7 72. Qxc4
Qxb2 73. Qf7+ Kd8 74. Qxf5 Qxa3 75. h5 Qc5 76. Qf6+ Be7 77. Qh8+ Kd7 78. h6
Qh5 79. h7 Qf3+ 80. Kg1 Qd1+ 1/2-1/2

[Event "9th Amplico Life Rapid"]
[Site "Warsaw POL"]
[Date "2009.12.20"]
[Round "9"]
[White "Likavsky,T"]
[Black "Dolgova,O"]
[Result "1-0"]
[WhiteElo "2476"]
[BlackElo "2226"]
[EventDate "2009.12.19"]

1. d4 Nf6 2. c4 c5 3. d5 e6 4. Nc3 exd5 5. cxd5 d6 6. Nf3 g6 7. Nd2 Bg7 8.
e4 O-O 9. Be2 a6 10. a4 Nbd7 11. O-O Qe7 12. h3 Rb8 13. Qc2 Ne8 14. Nc4 Ne5
15. Ne3 f5 16. f4 Nf7 17. Kh1 fxe4 18. Nxe4 Nh6 19. Ng5 Nf5 20. Nxf5 Bxf5
21. Bd3 Nc7 22. Bd2 h6 23. Rae1 Qd7 24. Ne6 Nxe6 25. dxe6 Bxe6 26. Bxg6 Bf5
27. Bxf5 Qxf5 28. Qb3+ Qf7 29. Qb6 Rbd8 30. Bc3 Kh8 31. Bxg7+ Qxg7 32. Re6
Rg8 33. Rg1 Kh7 34. Rxd6 Rxd6 35. Qxd6 Qxb2 36. Qxc5 b5 37. axb5 axb5 38.
Qe7+ Rg7 39. Qe4+ Kh8 40. Rb1 Qf2 41. Rc1 Qb2 42. Rc8+ Rg8 43. Rc6 Qa1+ 44.
Kh2 Qg7 45. Rb6 b4 46. Rxb4 Qg3+ 47. Kh1 Qc3 48. Rb7 Rg7 1-0

[Event "9th Amplico Life Rapid"]
[Site "Warsaw POL"]
[Date "2009.12.20"]
[Round "9"]
[White "Musialkiewicz,J"]
[Black "Szelag,M"]
[Result "1/2-1/2"]
[WhiteElo "2162"]
[BlackElo "2456"]
[EventDate "2009.12.19"]

1. e4 c5 2. Nf3 d6 3. d4 cxd4 4. Nxd4 Nf6 5. Nc3 a6 6. h3 e6 7. g4 d5 8.
exd5 Nxd5 9. Nde2 Bb4 10. Bd2 Nxc3 11. Nxc3 Bd7 12. a3 Bc6 13. Rg1 Bd6 14.
Bg2 Bh2 15. Bxc6+ Nxc6 16. Rh1 Be5 17. Qe2 Qc7 18. O-O-O O-O 19. h4 b5 20.
Qe4 Rfd8 21. Bg5 Rxd1+ 22. Rxd1 Bxc3 23. bxc3 Rc8 24. Bf4 Qa5 25. Kb2 Ne7
26. Qb4 Qxb4+ 27. cxb4 Nd5 28. Be3 Rc4 29. Rd4 Rxd4 30. Bxd4 f6 31. f3 e5
32. Bf2 Kf7 33. Kb3 Ke6 34. c4 Nf4 35. a4 bxc4+ 36. Kxc4 Kd6 37. Bc5+ Kc6
1/2-1/2

[Event "9th Amplico Life Rapid"]
[Site "Warsaw POL"]
[Date "2009.12.20"]
[Round "9"]
[White "Lis,Mare"]
[Black "Manik,M"]
[Result "0-1"]
[WhiteElo "2094"]
[BlackElo "2435"]
[EventDate "2009.12.19"]

1. e4 c5 2. Nf3 Nc6 3. d4 cxd4 4. Nxd4 Nf6 5. Nc3 d6 6. Nb3 g6 7. Be2 Bg7
8. O-O O-O 9. Kh1 b6 10. f4 Bb7 11. Bf3 Nd7 12. Re1 a6 13. Be3 Rc8 14. Qe2
b5 15. Qf2 Na5 16. Nxa5 Qxa5 17. Bd4 e5 18. fxe5 dxe5 19. Be3 b4 20. Nd5
Bxd5 21. exd5 f5 22. Bd1 e4 23. Bd4 Qxd5 24. c3 Bxd4 25. cxd4 Kg7 26. Bb3
Qd6 27. g3 Nf6 28. Rad1 Ng4 29. Qd2 e3 30. Rxe3 Nxe3 31. Qxe3 f4 32. gxf4
Rce8 33. Qg3 Rxf4 34. Rd2 Ree4 35. d5 Rg4 36. Qf2 Qe5 37. h3 Re1+ 0-1

[Event "9th Amplico Life Rapid"]
[Site "Warsaw POL"]
[Date "2009.12.20"]
[Round "9"]
[White "Zhigalko,A"]
[Black "Solys,L"]
[Result "0-1"]
[WhiteElo "2600"]
[BlackElo "2303"]
[EventDate "2009.12.19"]

1. e4 e5 2. Nf3 Nc6 3. Bb5 a6 4. Ba4 Nf6 5. O-O Nxe4 6. d4 b5 7. Bb3 d5 8.
dxe5 Be6 9. Nbd2 Nc5 10. c3 d4 11. Bxe6 Nxe6 12. cxd4 Ncxd4 13. Ne4 Be7 14.
Be3 Nf5 15. Qc2 O-O 16. Rad1 Nxe3 17. fxe3 Qc8 18. Nd4 Nxd4 19. exd4 c6 20.
Ng3 Qe6 21. Nf5 Rfe8 22. Rd3 Bf8 23. Rh3 g6 24. Ng3 Bg7 25. Ne4 Qd5 26. Qf2
Qxe4 27. Qxf7+ Kh8 28. Qf2 Rf8 29. Rf3 Rxf3 30. gxf3 Qf4 31. Re1 Rf8 32.
Kg2 Qg5+ 33. Qg3 Qxg3+ 34. hxg3 Rd8 35. Re4 Kg8 36. Kf2 Kf7 37. Ke3 Ke6 38.
Rh4 h5 39. g4 Bh6+ 40. Ke4 Bg5 41. Rh1 hxg4 42. Rg1 Be7 43. Rxg4 g5 44. b4
Rf8 45. a3 Bd8 46. Ke3 Kd5 47. Re4 Re8 48. Kd3 Re6 49. Rg4 Rh6 50. Re4 Rh4
0-1

[Event "9th Amplico Life Rapid"]
[Site "Warsaw POL"]
[Date "2009.12.20"]
[Round "9"]
[White "Mista,A"]
[Black "Terzic,S"]
[Result "1-0"]
[WhiteElo "2563"]
[BlackElo "2255"]
[EventDate "2009.12.19"]

1. e4 c5 2. Nf3 d6 3. d4 cxd4 4. Nxd4 Nf6 5. Nc3 e6 6. Be2 Be7 7. f4 Nc6 8.
Be3 Qc7 9. Qd2 a6 10. O-O-O Bd7 11. g4 Nxd4 12. Qxd4 Bc6 13. g5 e5 14. Qd3
Nd7 15. f5 Nc5 16. Bxc5 dxc5 17. Qg3 Rd8 18. Rxd8+ Qxd8 19. h4 Qc7 20. Bc4
b5 21. Bd5 Bd7 22. g6 hxg6 23. fxg6 f6 24. h5 Rh6 25. Bf7+ Kf8 26. Nd5 Qd6
27. Qf3 Bc8 28. Rd1 Qd7 29. Nxe7 Qxe7 30. Rd5 f5 31. Qd1 Qc7 32. Rd8+ Ke7
33. Re8+ Kf6 34. Qh1 Kg5 35. Qg2+ Kxh5 36. Qh3+ Kg5 37. Qg3+ Kh5 38. Rxe5
Qd8 39. Rxc5 Qg5+ 40. Qxg5+ Kxg5 1-0

[Event "9th Amplico Life Rapid"]
[Site "Warsaw POL"]
[Date "2009.12.20"]
[Round "10"]
[White "Gashimov,V"]
[Black "Socko,B"]
[Result "1/2-1/2"]
[WhiteElo "2758"]
[BlackElo "2643"]
[EventDate "2009.12.19"]

1. e4 e6 2. d4 d5 3. Nc3 Bb4 4. e5 Ne7 5. Bd2 b6 6. Qg4 O-O 7. h4 c5 8. Nf3
Nbc6 9. Bd3 f5 10. Qg3 Nxe5 11. dxe5 1/2-1/2

[Event "9th Amplico Life Rapid"]
[Site "Warsaw POL"]
[Date "2009.12.20"]
[Round "10"]
[White "Miton,K"]
[Black "Shirov,A"]
[Result "0-1"]
[WhiteElo "2586"]
[BlackElo "2719"]
[EventDate "2009.12.19"]

1. e4 e5 2. Nf3 Nc6 3. Bb5 a6 4. Ba4 Nf6 5. d3 d6 6. c3 g6 7. O-O Bg7 8.
Nbd2 O-O 9. Re1 Nh5 10. Nf1 f5 11. exf5 Bxf5 12. Ng3 Nxg3 13. hxg3 b5 14.
Bb3+ d5 15. a4 b4 16. d4 e4 17. Nd2 Kh8 18. Nf1 Rb8 19. Ne3 Be6 20. Bd2 Na5
21. cxb4 Qf6 22. Rf1 Nxb3 23. Qxb3 c5 24. dxc5 d4 25. Nc4 e3 26. fxe3 Qg5
27. Qd3 Qxg3 28. Rxf8+ Rxf8 29. Rf1 Rxf1+ 30. Kxf1 Bd5 31. Qe2 d3 32. Qf2
Qxf2+ 33. Kxf2 Bxc4 34. c6 Bxb2 35. b5 axb5 36. a5 b4 37. c7 Ba6 38. Bxb4
Kg8 39. e4 Be5 40. Ke3 Bxc7 41. g4 Kf7 42. Bd2 g5 0-1

[Event "9th Amplico Life Rapid"]
[Site "Warsaw POL"]
[Date "2009.12.20"]
[Round "10"]
[White "Paehtz,E"]
[Black "Szczepkowska Horowska,K"]
[Result "1-0"]
[WhiteElo "2480"]
[BlackElo "2324"]
[EventDate "2009.12.19"]

1. e4 e5 2. Nf3 Nc6 3. Bc4 Nf6 4. d3 Be7 5. O-O O-O 6. Re1 d6 7. Bb3 Na5 8.
Ba4 c5 9. c3 h6 10. a3 a6 11. b4 cxb4 12. axb4 Nc6 13. Bb2 Nh7 14. Nbd2 f5
15. b5 Nb8 16. Bb3+ Kh8 17. d4 exd4 18. Nxd4 fxe4 19. Nxe4 d5 20. Ng3 Nf6
21. Rxe7 Qxe7 22. Ba3 Qf7 23. Bxf8 Qxf8 24. Qf3 Qc5 25. h3 Bd7 26. Nh5 Nxh5
27. Qxh5 Bxb5 28. Re1 Nd7 29. Re6 Bd3 30. Bxd5 Qxc3 31. Re8+ Nf8 32. Rxa8
Qc1+ 33. Kh2 Qf4+ 34. g3 Qxf2+ 35. Bg2 Be4 36. Qe2 1-0

[Event "9th Amplico Life Rapid"]
[Site "Warsaw POL"]
[Date "2009.12.20"]
[Round "10"]
[White "Kukula,P"]
[Black "Piorun,K"]
[Result "0-1"]
[WhiteElo "2261"]
[BlackElo "2475"]
[EventDate "2009.12.19"]

1. d4 Nf6 2. Nf3 g6 3. Bf4 Bg7 4. e3 O-O 5. Be2 d6 6. O-O b6 7. h3 c5 8. c3
Ba6 9. Nbd2 Qc8 10. b4 Nd5 11. Bxa6 Nxa6 12. Qb3 Nxf4 13. exf4 Nc7 14. Rae1
Ne6 15. f5 gxf5 16. d5 Nf4 17. Rxe7 cxb4 18. cxb4 Qc3 19. Rd7 Qxb3 20. Nxb3
Nxd5 21. Rxd6 Nxb4 22. a3 Nc2 23. a4 Rfc8 24. Rfd1 Bf8 25. Rd7 Rc4 26. Rxf7
Rc3 27. Rdd7 Rxb3 28. Rxh7 Rd3 29. Rc7 Rd1+ 0-1